000
00301nam a2200109Ia 4500
008
210430s9999 xx 000 0 und d
082
_a
470 K581H
100
_a
Mir hussain Ali khan Kirmani
_9
54658
245
_a
History of Tipu Sultan
_c
Mir hussain Ali khan Kirmani
300
_a
186
942
_c
BK
_2
ddc
999
_c
565300
_d
565300